Latin America and the United States in the 1970ïs
Guardat en:
| Autor principal: | |
|---|---|
| Format: | Llibre |
| Idioma: | anglès |
| Publicat: |
Itasca
F. E. Peacock
1971
|
| Matèries: | |
| Etiquetes: |
Afegir etiqueta
Sense etiquetes, Sigues el primer a etiquetar aquest registre!
|
MARC
| LEADER | 00000nam a2200000 a 4500 | ||
|---|---|---|---|
| 001 | UCI3388 | ||
| 003 | CL-VaPUC | ||
| 008 | 071026e19710000US |||||||||||||||||eng|d | ||
| 082 | 0 | 4 | |a 327.730 |b GRA |2 21 |
| 100 | 0 | |a Gray, Richard B |e author |9 524744 | |
| 245 | 1 | 0 | |a Latin America and the United States in the 1970ïs |
| 300 | |a 370 p | ||
| 942 | |c BK | ||
| 945 | |d 20071026 00:00:00 |a jtorresc | ||
| 260 | |a Itasca |b F. E. Peacock |c 1971 | ||
| 650 | 0 | |a Relaciones Internacionales |9 255740 | |
| 650 | 0 | |a Política internacional |9 255813 | |
| 650 | 0 | |a Desarrollo político |9 323087 | |
| 650 | 0 | |a Diplomacia |9 256483 | |
| 650 | 0 | |a Imperialismo |9 258264 | |
| 651 | 0 | |a América Latina |9 255027 | |
| 651 | 0 | |a Estados Unidos |9 255178 | |
| 583 | |a last modification |c 20071026 00:00:00 |k Rodrigo Vera | ||
| 999 | |c 327618 |d 327616 | ||
| 952 | |0 0 |1 0 |4 0 |6 327_730000000000000_GRA_1971 |7 0 |8 A |9 410704 |a BIBHIS |b BIBHIS |d 2019-11-22 |i 4382897 |l 1 |o 327.730 GRA 1971 |p 4382897 |r 2025-01-20 |s 2022-09-27 |w 2019-11-22 |y BK |k HIS | ||